Zaujímavý román

Bibliographic Details
Main Authors: BU (Author), Agaoglu, Adalet (Author)
Format: Article
Language:Slovak
Subjects:

MARC

LEADER 00000nab a2200000 a 4500
001 vtls000232630
003 SK-MaSNL
005 20260302212616.0
008 111130c1985 xo 0 slo
015 |a SNBRB19rr/mm-uuuuu 
035 |a CL0242744 
040 |a SNKBUCL  |b slo  |c SNKBUCL  |e AACR2 
041 0 |a slo 
044 |a xo  |c SK 
080 |a 82.09:894.35-3(048)  |2 1981 
080 |a 894.35-3(048)  |2 1981 
100 1 |a BU  |4 aut  |9 920233 
245 1 0 |a Zaujímavý román  |c BU ; Adalet Agaoglu 
650 0 7 |a romány spoločenské  |2 snkbucl  |9 402806 
655 7 |a články z novín a časopisov  |2 snkbucl  |9 267496 
655 7 |a články z odboru literárna veda a krásna literatúra  |2 snkbucl  |9 770045 
700 1 |a Agaoglu, Adalet  |4 aut  |9 514919 
773 0 |t Nové knihy  |g Č. 40 (1985), s. 4 
787 0 8 |i Rec.:  |a Agaoglu, Adalet  |t Svadobná hostina  |d Bratislava : Smena, 1985 
850 |a Slovenská národná knižnica v Martine  |a MTA001 
852 |a SNK  |b KIS3GCP 
958 |a RK 
958 |a LX 
992 |a RBX 
999 |c 1489978  |d 1491908